| 000 | 01427cam a2200385 i 4500 | ||
|---|---|---|---|
| 999 |
_c56486 _d56486 |
||
| 001 | 18709002 | ||
| 005 | 20191007115237.0 | ||
| 008 | 150721t20152015njua 001 0 eng d | ||
| 010 | _a 2015301547 | ||
| 020 | _a9781119035664 | ||
| 020 | _a111903566X | ||
| 035 | _a(OCoLC)ocn907443808 | ||
| 040 |
_aYDXCP _beng _cYDXCP _erda _dORX _dUNL _dTTU _dDLC |
||
| 042 | _alccopycat | ||
| 050 | 0 | 0 |
_aNA2700 _b.C46 2015 |
| 082 | 0 | 4 |
_a720.28/4 _223 |
| 100 | 1 |
_aChing, Francis D. K., _d1943- _eauthor. _94568 |
|
| 245 | 1 | 0 |
_aArchitectural graphics / _cFrancis D.K. Ching. |
| 250 | _aSixth edition. | ||
| 264 | 1 |
_aHoboken, New Jersey : _bJohn Wiley & Sons, Inc., _c[2015] |
|
| 264 | 4 | _c©2015 | |
| 300 |
_avi, 266 pages : _billustrations ; _c27 cm |
||
| 336 |
_atext _btxt _2rdacontent |
||
| 336 |
_astill image _bsti _2rdacontent |
||
| 337 |
_aunmediated _bn _2rdamedia |
||
| 338 |
_avolume _bnc _2rdacarrier |
||
| 500 | _aIncludes index. | ||
| 650 | 0 |
_aArchitectural drawing. _94569 |
|
| 653 | _aარქიტექტურა | ||
| 856 | 4 | 2 |
_3Contributor biographical information _uhttp://www.loc.gov/catdir/enhancements/fy1603/2015301547-b.html |
| 856 | 4 | 1 |
_3Table of contents only _uhttp://www.loc.gov/catdir/enhancements/fy1603/2015301547-t.html |
| 856 | 4 | 2 |
_3Publisher description _uhttp://www.loc.gov/catdir/enhancements/fy1606/2015301547-d.html |
| 906 |
_a7 _bcbc _ccopycat _d2 _encip _f20 _gy-gencatlg |
||
| 942 |
_2udc _cBK |
||